नियति-चक्र/ (Record no. 206850)

MARC details
000 -LEADER
fixed length control field 00849nam a22001937a 4500
005 - DATE AND TIME OF LATEST TRANSACTION
control field 20241029123153.0
010 ## - LCCN (DPL NO)
LC control number HIN-128736
020 ## - INTERNATIONAL STANDARD BOOK NUMBER
International Standard Book Number 97893918224777
Terms of availability 950.00
035 ## - SYSTEM CONTROL NUMBER
System control number HN-101082
037 ## - SOURCE OF ACQUISITION
Source of stock number/acquisition DBAD/PUB.
082 ## - DEWEY DECIMAL CLASSIFICATION NUMBER
Classification number 921
100 ## - MAIN ENTRY--PERSONAL NAME
Personal name चतुर्वेदी, सुधांशु
245 ## - TITLE STATEMENT
Title नियति-चक्र/
Statement of responsibility, etc सुधांशु चतुर्वेदी
250 ## - EDITION STATEMENT
Edition statement प्रथम
260 ## - PUBLICATION, DISTRIBUTION, ETC. (IMPRINT)
Name of publisher, distributor, etc ओम पब्लिशिंग कम्पनी
Place of publication, distribution, etc दिल्ली
Date of publication, distribution, etc 2022
270 ## - ADDRESS
Address एफ-7, गली नं.-1, दिवितीय तल, पंचशील गार्डन एक्स., नवीन शाहदरा,
City दिल्ली
300 ## - PHYSICAL DESCRIPTION
Extent 348पृ
Dimensions 23सेमी (सजिल्द)
942 ## - ADDED ENTRY ELEMENTS (KOHA)
Institution code [OBSOLETE] dpl
Item type Hindi Books
Source of classification or shelving scheme Dewey Decimal Classification
Classification part 921
Call number suffix चतुर्वे
Holdings
Withdrawn status Lost status Not for loan Collection code Home library Current library Date acquired Source of acquisition Cost, normal purchase price Full call number Barcode Copy number Cost, replacement price Koha item type
      Non-fiction Bawana Bawana 29/10/2024 DBAD 950.00 921 चतुर्वे HN-101082 1 950.00 Hindi Books

© Delhi Public Library
Hit Counter
free hit counter